000 00415nam a2200157 i 4500
001 45237
003 ES-MaACL
005 20230906161203.0
007 t|
008 030325s1968 sp ||||1| spa d
100 1 _aCobos, Ricardo.
_939368
245 1 0 _aAl habla la sensatez... /
_cRicardo Cobos.
260 _a[Bilbao] :
_bMensajero,
_c1968.
300 _a294 p. ;
_c22 cm.
852 _aES-MaACL
_jC-35221
_bR.66181
999 _c45237
_d45237